Leadership of The U.S. House of Representatives - Statistics

General Stats
  • This quiz has been taken 36 times
  • The average score is 4 of 5
Answer Stats
Role Party Person % Correct
Speaker of the House Republican Mike Johnson
96%
House Minority Leader Democrat Hakeem Jeffries
88%
House Majority Leader Republican Steve Scalise
81%
House Minority Whip Democrat Katherine Clark
65%
House Majority Whip Republican Tom Emmer
62%
No matching quizzes found
Score Distribution
Percent of People with Each Score
Percentile by Number Answered
Your Score History
You have not taken this quiz